000 00379 a2200109 4500
001 ART_6347
005 20260410161619.0
008 260409a
245 1 0 _aLa actuación del contador publico como asesor financiero de las Pymes y las sociedades de garantía recíproca
100 1 _aRodríguez, Raquel E.
773 0 _tEnfoques
_g- Nº 12 (dic. 2008)
_wREV416
999 _c11384
_d11384